000 00466nam a2200217Ia 4500
003 0100
008 130303s9999 xx 000 0 und d
020 _a0415910633
040 _cARRUPELIB
050 _aB3376.W56G45 1995
100 _aGenova, Judith
245 _aWittgenstein
245 _ba way of seeing
260 _aLondon
260 _bRoutledge
260 _C1995
300 _a226p.
300 _b 23cm
650 _aPHILOSOPHY
942 0 0 _01
999 _c13727
_d13727